000 00750nam a2200217Ia 4500
999 _c36952
_d36952
003 GCL
005 20240530103121.0
008 140319s9999 xx 000 0 ara d
040 _aGCL /
_cGCL
082 0 4 _a575.1
_bج ل
100 1 _aجونز ، ستيف
245 1 0 _aلغة الجينات : البيولوجيا والتاريخ والمستقبل التطورى /
_cتاليف ستيف جونز ؛ ترجمة احمد مستجير
260 _a[S.N] :
_bالمكتبة الاكاديمية ،
_c1995
300 _a343 ص
650 0 4 _aالوراثة ، علم
650 0 4 _aالبيولوجيا
650 0 4 _aالجينات
650 0 4 _aوراثة الانسان
700 0 _aاحمد مستجير
_eمترجم
942 _2ddc
_cBK